000
00309 a2200157 4500
001
193165
020
_a
978-85-7160-359-2
040
_c
Magnum
100
_a
Nery, Eliene
240
1
0
_a
Matilde
_l
por
245
1
0
_a
Matilde
300
_a
16
362
0
_a
2009
697
_a
LITERATURA INFANTO
942
_c
BK
999
_c
193165
_d
193165